लघु कुटीर उद्योग / (Record no. 119044)
[ view plain ]
| 000 -LEADER | |
|---|---|
| fixed length control field | 01116nam a22002657a 4500 |
| 005 - DATE AND TIME OF LATEST TRANSACTION | |
| control field | 20170124103126.0 |
| 010 ## - LIBRARY OF CONGRESS CONTROL NUMBER | |
| LC control number | A-889918 |
| 020 ## - INTERNATIONAL STANDARD BOOK NUMBER | |
| Terms of availability | 300.00 |
| 035 ## - SYSTEM CONTROL NUMBER | |
| System control number | A-889918 |
| 037 ## - SOURCE OF ACQUISITION | |
| Source of stock number/acquisition | Cen Lib/Ret |
| 040 ## - CATALOGING SOURCE | |
| Original cataloging agency | DPL |
| Language of cataloging | HN |
| 082 ## - DEWEY DECIMAL CLASSIFICATION NUMBER | |
| Classification number | 338.642 |
| Item number | शरण |
| 100 ## - MAIN ENTRY--PERSONAL NAME | |
| Personal name | शरण |
| 9 (RLIN) | 83088 |
| 245 ## - TITLE STATEMENT | |
| Title | लघु कुटीर उद्योग / |
| Statement of responsibility, etc | शरण [और] आलोक कुमार रस्तोगी |
| 246 ## - VARYING FORM OF TITLE | |
| Title proper/short title | Laghu kuteer udyog / |
| Remainder of title | by Sharan [aur] Alok Kumar Rastogi |
| 260 ## - PUBLICATION, DISTRIBUTION, ETC. (IMPRINT) | |
| Name of publisher, distributor, etc | अक्षरायन |
| Place of publication, distribution, etc | नई दिल्ली |
| Date of publication, distribution, etc | 1997 |
| 270 ## - ADDRESS | |
| Address | 7, हौज़खास अपार्टमेंट्स |
| City | नई दिल्ली |
| Postal code | 110016 |
| 300 ## - PHYSICAL DESCRIPTION | |
| Extent | xii,367पृ. : |
| Dimensions | 20सेमी(सजिल्द) |
| Other physical details | सचित्र |
| 650 ## - SUBJECT ADDED ENTRY--TOPICAL TERM | |
| Topical term or geographic name as entry element | उद्योग -- लकड़ी |
| 9 (RLIN) | 1413 |
| 650 ## - SUBJECT ADDED ENTRY--TOPICAL TERM | |
| Topical term or geographic name as entry element | बेकरी -- उद्योग |
| 9 (RLIN) | 83089 |
| 650 ## - SUBJECT ADDED ENTRY--TOPICAL TERM | |
| Topical term or geographic name as entry element | Industry - Wood |
| 9 (RLIN) | 83090 |
| 650 ## - SUBJECT ADDED ENTRY--TOPICAL TERM | |
| Topical term or geographic name as entry element | Bakery - industry |
| 9 (RLIN) | 83091 |
| 700 ## - ADDED ENTRY--PERSONAL NAME | |
| Personal name | रस्तोगी, आलोक कुमार |
| 9 (RLIN) | 83092 |
| 942 ## - ADDED ENTRY ELEMENTS (KOHA) | |
| Source of classification or shelving scheme | Dewey Decimal Classification |
| Koha item type | Hindi Books |
| Classification part | 338.642 |
| Call number suffix | शरण |
| Withdrawn status | Lost status | Damaged status | Not for loan | Home library | Current library | Date acquired | Source of acquisition | Cost, normal purchase price | Total Checkouts | Full call number | Barcode | Date last seen | Copy number | Cost, replacement price | Price effective from | Koha item type | Date checked out |
|---|---|---|---|---|---|---|---|---|---|---|---|---|---|---|---|---|---|
| Central Library | Central Library | 15/09/2015 | Cen Lib/Ret | 300.00 | 338.642 शरण | A-889918 | 15/09/2015 | 1 | 300.00 | 15/09/2015 | Hindi Books | ||||||
| Central Library | Central Library | 23/09/2015 | Cen Lib/Ref | 300.00 | 3 | 338.642 शरण | A-889919 | 28/06/2018 | 1 | 300.00 | 23/09/2015 | Hindi Books | 14/06/2018 |
